000 00639nam a2200217Ia 4500
003 OSt
005 20250604151625.0
008 220926b |||||||| |||| 00| 0 eng d
037 _cReference
040 _aRTL
_cRTL
_beng
041 _2eng
_aeng
084 _aB L4/SC
_qRTL
100 _aKhurgin Ya.
_9371036
245 0 _aDid you say mathematics?
260 _aMoscow
_bMir Publishers
_c1974
300 _a359 p.
_bIncludes bibliographical references and index
650 _aMathematics
700 _aYankovsky, George
_eTranslator
_9811760
942 _hB L4/SC
_cREF
_2CC
_n0
999 _c691280
_d691280